serun
ՀԱՅ ԳԻՐՔ = Armenian Book

Սահմանադրություն, սահմանադրականություն, պառլամենտարիզմ ։ (Record no. 164862)

000 -LEADER
fixed length control field nam a22 a 4500
003 - CONTROL NUMBER IDENTIFIER
control field AM-YeNLA
005 - DATE AND TIME OF LATEST TRANSACTION
control field 20250730160921.0
007 - PHYSICAL DESCRIPTION FIXED FIELD--GENERAL INFORMATION
fixed length control field ta
008 - FIXED-LENGTH DATA ELEMENTS--GENERAL INFORMATION
fixed length control field 250730s2025 ai o|||frf||||000|0|arm||
020 ## - INTERNATIONAL STANDARD BOOK NUMBER
International Standard Book Number 978-9939-976-18-1
040 ## - CATALOGING SOURCE
Language of cataloging arm
Transcribing agency AM-YeNLA
041 0# - LANGUAGE CODE
Language code of text/sound track or separate title arm
100 1# - MAIN ENTRY--PERSONAL NAME
9 (RLIN) 31227
Personal name Հակոբյան, Հրանուշ Հրանտի,
Dates associated with a name 1954-
245 10 - TITLE STATEMENT
Title Սահմանադրություն, սահմանադրականություն, պառլամենտարիզմ ։
Remainder of title (Գիտական հոդվածների ժողովածու) /
Statement of responsibility, etc. Հ.Հ. Հակոբյան, Ռ.Խ. Հակոբյան ; Խմբագիր՝ Գ.Գ. Հարությունյան.
260 ## - PUBLICATION, DISTRIBUTION, ETC. (IMPRINT)
Place of publication, distribution, etc. Երևան :
Name of publisher, distributor, etc. Տիգրան Մեծ,
Date of publication, distribution, etc. 2025.
300 ## - PHYSICAL DESCRIPTION
Extent 536 էջ :
Other physical details գունավոր լուսանկարներ ;
Dimensions 24 սմ.
504 ## - BIBLIOGRAPHY, ETC. NOTE
Bibliography, etc Տողատակում՝ մատենագիտական ծանոթագրություններ:
610 14 - SUBJECT ADDED ENTRY--CORPORATE NAME
9 (RLIN) 33311
Corporate name or jurisdiction name as entry element Հայաստանի Հանրապետություն
Title of a work Սահմանադրություն
650 14 - SUBJECT ADDED ENTRY--TOPICAL TERM
Topical term or geographic name as entry element Սահմանադրություններ
Form subdivision Գիտական հոդվածների ժողովածու
650 14 - SUBJECT ADDED ENTRY--TOPICAL TERM
Topical term or geographic name as entry element Խորհրդարանական իրավունք
General subdivision Պառլամենտի սահմանադրական կարգավիճակը և գործառույթները
Geographic subdivision Հայաստանի Հանրապետություն
700 1# - ADDED ENTRY--PERSONAL NAME
Personal name Հակոբյան, Ռուզաննա Խաչիկի
700 1# - ADDED ENTRY--PERSONAL NAME
Personal name Հարությունյան, Գագիկ Գարուշի
Relator term խմբագիր
Relator code edt
942 ## - ADDED ENTRY ELEMENTS (KOHA)
Source of classification or shelving scheme
Koha item type Books
Holdings
Withdrawn status Lost status Source of classification or shelving scheme Damaged status Not for loan Permanent Location Current Location Date acquired Inventory number Date last seen Price effective from Koha item type
          National Library of Armenia National Library of Armenia 2025-07-30 ՀԱԳ 2025-07-30 2025-07-30 Books

Հայաստանի ազգային գրադարան ՀՀ, 0009,Երևան, Տերյան 72
Հետադարձ կապ